Statistics for Music Quiz - True or False

Click here to take the quiz!

General Stats

  • This quiz has been taken 91 times
  • The average score is 7 of 15

Answer Stats

QuestionAnswer% Correct
The record label Motown was originally founded in Montreal.False
65%
The Beatles evolved from a band known as The Quarrymen.True
64%
Elvis Presley had a twin brother.True
64%
The Japanese word "Karaoke" means "Empty Orchestra"True
60%
The final tune played by the band on the Titanic was "Nearer, My God, to Thee"True
54%
In Don McLean's song American Pie, the "Day the Music Died" refers to the introduction of Punk Rock music.False
53%
Neil Armstrong sang the first song in SpaceFalse
52%
The oldest currently known musical instrument is a flute made by Neanderthals around 60,000 years ago.True
52%
The British Navy uses Britney Spears songs to scare off pirates.True
52%
Gustav Holst, famous for his Planets suite of classical music, was born in the United Kingdom.True
43%
Bohemian Rhapsody was Queen's second Number One hit in the UK.False
41%
The "J" in Mary J Blige refers to her middle name of Julie.False
37%
The Rolling Stones were the first band to play on all seven continents.False
33%
A single violin is made from just 12 individual pieces.False
29%
Jean-Michel Jarre played the largest free concert in the world ever, when he played in Moscow with an audience of 3.5 millionFalse
28%

Score Distribution

Percentile by Number Answered

Percent of People with Each Score

Your Score History

You have not taken this quiz